टोबा टेकसिंह : (Record no. 115337)

MARC details
000 -LEADER
fixed length control field 01336nam a22002657a 4500
005 - DATE AND TIME OF LATEST TRANSACTION
control field 20170124103022.0
010 ## - LIBRARY OF CONGRESS CONTROL NUMBER
LC control number A-960258
020 ## - INTERNATIONAL STANDARD BOOK NUMBER
Terms of availability 225.00
035 ## - SYSTEM CONTROL NUMBER
System control number A-960258
037 ## - SOURCE OF ACQUISITION
Source of stock number/acquisition Cen Lib/Ret
040 ## - CATALOGING SOURCE
Original cataloging agency DPL
Language of cataloging HN
082 ## - DEWEY DECIMAL CLASSIFICATION NUMBER
Classification number
Item number मंटोस
100 ## - MAIN ENTRY--PERSONAL NAME
Personal name मंटो सआदत, हसन
9 (RLIN) 6710
245 ## - TITLE STATEMENT
Title टोबा टेकसिंह :
Statement of responsibility, etc सआदत हसन मंटो ; अनुवादक वहीदा रहमान
Remainder of title मंटो की प्रतिनिधि कहानियां /
246 ## - VARYING FORM OF TITLE
Title proper/short title Toba Teksingh : manto ki pratinidhi kahaniyan /
Remainder of title by Saadat Hasan Manto ; anuvadak Waheeda Rehman
260 ## - PUBLICATION, DISTRIBUTION, ETC. (IMPRINT)
Place of publication, distribution, etc दिल्ली
Name of publisher, distributor, etc सर्वोदय साहित्य संस्थान
Date of publication, distribution, etc 2000
270 ## - ADDRESS
Address एल-45, गली नं० 5, शिवाजी मार्ग करतार नगर
City दिल्ली
Postal code 110053
300 ## - PHYSICAL DESCRIPTION
Extent 198पृ.
Dimensions 21सेमी (सजिल्द )
650 ## - SUBJECT ADDED ENTRY--TOPICAL TERM
Topical term or geographic name as entry element हिंदी साहित्य
General subdivision
Geographic subdivision
9 (RLIN) 104855
650 ## - SUBJECT ADDED ENTRY--TOPICAL TERM
Topical term or geographic name as entry element हिंदी साहित्य--लघु कथाएँ
Form subdivision
9 (RLIN) 104856
650 ## - SUBJECT ADDED ENTRY--TOPICAL TERM
Topical term or geographic name as entry element Hindi literature
9 (RLIN) 104857
650 ## - SUBJECT ADDED ENTRY--TOPICAL TERM
Topical term or geographic name as entry element Hindi literature--Short Stories
9 (RLIN) 104858
700 ## - ADDED ENTRY--PERSONAL NAME
Personal name रहमान, वहीदा
9 (RLIN) 104859
942 ## - ADDED ENTRY ELEMENTS (KOHA)
Source of classification or shelving scheme Dewey Decimal Classification
Koha item type Hindi Books
Classification part
Call number suffix मंटोस
Holdings
Withdrawn status Lost status Damaged status Not for loan Home library Current library Date acquired Source of acquisition Cost, normal purchase price Total Checkouts Full call number Barcode Date last seen Copy number Cost, replacement price Price effective from Koha item type
        Central Library Central Library 20/08/2015 Cen Lib/Ret 225.00   क मंटोस A-960258 20/08/2015 1 225.00 20/08/2015 Hindi Books

© Delhi Public Library
Hit Counter
free hit counter